书目信息 |
| 题名: |
基因工程技术实验指导
|
|
| 作者: | 钟卫鸿 主编/编写 | |
| 分册: | ||
| 出版信息: | 北京 化学工业出版社 2007 |
|
| 页数: | 127页 | |
| 开本: | 26cm | |
| 丛书名: | ||
| 单 册: | ||
| 中图分类: | Q78-33 | |
| 科图分类: | ||
| 主题词: | 基因工程--实验--高等学校--教材 , 基因工程 | |
| 电子资源: | ||
| ISBN: | 978-7-122-00401-7 | |
| 000 | 00840nam0 2200241 450 | |
| 001 | 1547748001 | |
| 005 | 20150131131609.15 | |
| 010 | @a978-7-122-00401-7@dCNY15.00 | |
| 100 | @a20070327d2007 em y0chiy50 ea | |
| 101 | 0 | @achi |
| 102 | @aCN@b11000 | |
| 105 | @ay z 000yy | |
| 200 | 1 | @a基因工程技术实验指导@9ji yin gong cheng ji shu shi yan zhi dao@f钟卫鸿主编@g钟卫鸿[等]编写 |
| 210 | @a北京@c化学工业出版社@d2007 | |
| 215 | @a127页@d26cm | |
| 300 | @a高等学校教材 | |
| 330 | @a本书内容涵盖基因克隆、重组、表达、提取、纯化以及检测的常用基因工程技术操作实验,分“基因工程基本技术”和“应用基因工程技术”两个大类型共33个实验。 | |
| 606 | 0 | @a基因工程@x实验@x高等学校@j教材 |
| 606 | 0 | @a基因工程 |
| 690 | @aQ78-33@v5 | |
| 701 | 0 | @a钟卫鸿@9zhong wei hong@4主编/编写 |
| 801 | 0 | @aCN@bTSSF@c20150131 |
| 905 | @aZUCC@dQ78-33@eJY48 | |
| 基因工程技术实验指导/钟卫鸿主编/钟卫鸿[等]编写.-北京:化学工业出版社,2007 |
| 127页;26cm |
| 高等学校教材 |
| ISBN 978-7-122-00401-7:CNY15.00 |
| 本书内容涵盖基因克隆、重组、表达、提取、纯化以及检测的常用基因工程技术操作实验,分“基因工程基本技术”和“应用基因工程技术”两个大类型共33个实验。 |
| ● |
| 相关链接 |
|
|
|
|
正题名:基因工程技术实验指导
索取号:Q78-33/JY48
 
预约/预借
| 序号 | 登录号 | 条形码 | 馆藏地/架位号 | 状态 | 备注 |
| 1 | 7862093 | 278620930 | 学院路分馆/ [索取号:Q78-33/JY48] | 在馆 | |
| 2 | 7862094 | 278620949 | 学院路分馆/ [索取号:Q78-33/JY48] | 在馆 |